Quizzes
Events
Quiz Creation
Community
Videos
Private Events
Remove Ads
Sign In
Join for FREE
Feedback
Dark Mode
Quiz Categories
Sports
Geography
Music
Movies
Television
Just For Fun
Miscellaneous
History
Literature
Language
Science
Gaming
Entertainment
Religion
Holiday
For Kids
Quiz Lab
Recent
Popular Today
Quiz Kudos Today
Editor Picks
Curator Picks
Quizzes by...
Day
Popularity
Type
Ratings
Length
Year
Community
Subscriptions
Recent Discussions
Orange Saloon
Badges
Playlists
Quests
Create
Leaderboards
Showdown
Live 5
Trivia Bingo
Activity
Puzzle Library
Sporcle Events
Private Events
Virtual Trivia
Globe League
Become a Host
Pub Owners
SporcleCon
Opinionation
Our Games
Videos
Blog
Mobile Apps
Partnerships
Remove Ads and Go Orange
Feedback
Geography
Country
Landmarks
City
State
Population
World
Capital
Continent
Flags
Europe
Africa
Asia
South America
North America
Oceania
Border
Canada
United Kingdom
Topography
United States
Geography
Country
Landmarks
City
State
Population
World
Capital
Continent
Flags
Europe
Africa
Asia
South America
North America
Oceania
Border
Canada
United Kingdom
Topography
United States
Random Quiz
Search Sporcle
×
Quiz Lab
Quiz Lab
Geography
Country
Type in answers that appear in a list
Type in answers that appear in a list
Classic
Best Score? Go Orange.
Countries and Territories of Oceania Stats
Can you name the Countries and Territories of Oceania?
By
A_is_for_Addict
10m
36 Questions
2,162 Plays
2,162 Plays
2,162 Plays
Comments
Comments
Give Quiz Kudos
Give Quiz Kudos
-
- Ratings
hide this ad
More Info
Replay
Link that replays current quiz
Next Quiz
Link to next quiz in quiz playlist
You Got
0%
They Got
Avg Score
64%
Avg Friend Score
Upgrade to see
Score Distribution
Jump to the score distribution portion of the page
Score
0/36
Timer
10:00
0
Plays Today
Oceanic Region
Country/Territory
% Correct
Australasia
Australia
95.4%
Australasia/
Polynesia
New Zealand
93.7%
Polynesia
Samoa
89.6%
Melanesia
Fiji
88.9%
Micronesia
Federated States of Micronesia
88.4%
Micronesia
Marshall Islands
87.6%
Micronesia
Palau
87.5%
Polynesia
Tuvalu
87.1%
Micronesia
Nauru
87%
Melanesia
Solomon Islands
86.8%
Polynesia
Tonga
86.7%
Melanesia
Papua New Guinea
86.3%
Melanesia
Vanuatu
85.5%
Micronesia
Kiribati
84.4%
Micronesia
Guam
79.2%
Polynesia
French Polynesia
72.5%
Polynesia
American Samoa
71.7%
Melanesia
New Caledonia
67.9%
Oceanic Region
Country/Territory
% Correct
Polynesia
Cook Islands
66.9%
Polynesia
Easter Island
64.9%
Polynesia
Niue
59.6%
Polynesia
Pitcairn Islands
57.2%
Micronesia
Northern Mariana Islands
55.7%
Australasia
Norfolk Island
50.2%
Polynesia
Wallis and Futuna
49.9%
Polynesia
Tokelau
49.6%
Polynesia
Midway Islands
46.6%
Micronesia
Wake Island
45%
Polynesia
Johnston Atoll
37%
Polynesia
Baker Island
35.8%
Polynesia
Palmyra Atoll
34.2%
Australasia
Coral Sea Islands
32.9%
Polynesia
Jarvis Island
32.8%
Polynesia
Howland Island
31.7%
Polynesia
Kingman Reef
28.4%
Australasia
Ashmore and Cartier Islands
26.5%
Quiz Playlist
Details
Report
Send in Message
Add To Playlist
More Info:
Try the Americas game http://www.sporcle.com/games/A_is_for_Addict/countriesterritoriesamerica
Classic:
Type in answers that appear in a list
Quiz Source
Last Updated: Apr 12, 2017
Quiz Scoreboard
CHALLENGE
Sign Up to Join the Scoreboard
Show All
Scores
Hide
Comments
May contain spoilers
Recently Published
College Basketball Coaching Resumes
by pancakes188
Sports
9m
Billboard Blitz: Fleetwood Mac
by CooCooCachoo
Music
15s
Presidents Visiting Landmarks
by Hejman
History
7m
More to Explore
Quiz From the Vault
Featured Blog Post
Where Did the Easter Bunny Come From?
hide this ad
You Might Also Like...
Tags
Country Quiz
Oceania Quiz
independent
oceanic
region
Territory
Today's Top Quizzes in Geography
Browse Geography
hide this ad
Today's Top Quizzes in Country
Browse Country
Top Contributed Quizzes in Geography
1
Countries of the World - No Outlines Minefield
2
Top 25 Cities of France on a map
3
Any capital of a 'B' country per Continent
4
Any capital of a 'C' country per Continent
5
Closest Countries to UK A-Z
6
Any capital of a 'D' country per Continent
7
5-to-1: US Geography No Hints
8
Any capital of an 'E' country per Continent
9
Click the Alabama Counties! (Map)
10
One Thing in Common: United Kingdom
Explore More
Trending Topics
NBA
Marvel
Harry Potter
Crossword
Disney
Anime
Kpop
WWE
Pokémon
Puzzle
NFL
The Office
Soccer
Song
Country
hide this ad
More By:
A_is_for_Addict
Quiz
Plays
Rating
Category
Featured
Created
Capitals of the World North to South
9,209
4.56
Geography
Nov 21, 2009
Capitals of the World West to East
4,693
4.55
Geography
Dec 1, 2009
Most Populated City on 25 Most Populated Islands
2,727
4.10
Geography
May 9, 2011
Countries and Territories of Oceania
2,162
4.55
Geography
Oct 31, 2009
Geographical Borders of Europe
1,277
4.04
Geography
Nov 18, 2009
Go to Creator's Profile
Score Distribution
Quiz Creator Spotlight
A_is_for_Addict
Follow
Send a Message
Quizzes Created
-
Created Quiz Play Count
-
More By This Creator
Popular Quizzes Today
1
Find the US States - No Outlines Minefield
2
Find the Countries of Europe - No Outlines Minefield
3
The Countries of the World
4
Find the US States
5
Risky Map Clicking: Biggest States A-Z
6
US States
7
Popular People in 1961
8
Movies - When Are They Set?
More Geography Quizzes
Province Italiane
Quiz Lab
Trending Quizzes
Risky Map Clicking: Least Populous States A-Z
1-10 Letter G Words
1-10 Letter F Words
Risky Map Clicking: Next State Alphabetically
Risky Map Clicking: Biggest States A-Z
Recently Updated
Leaping Animals
pecheneg
Reality TV Shows (A-Z)
bhenderson79
Rickey Henderson's Hall of Fame Teammates
pecheneg
Champions League XIs: Arsenal
pecheneg
Quick Pick: Celebrities in WWE's Hall of Fame
aduchscher
A-Z Keypad Blitz II
pecheneg
Multiple Oscar Actors
pecheneg
Mystery Phrase Blitz: Oscar 'Best Actors'
pecheneg
F. Scott Fitzgerald Novels
LTH
Pick 3 Villains
ddd62291
Trending Topics
Harry Potter
Anime
Crossword
Marvel
Disney
Kpop
NBA
Country
Song
WWE
NFL
Pokémon
The Office
Puzzle
Soccer
Your Account Isn't Verified!
In order to create a playlist on Sporcle, you need to verify the email address you used during registration. Go to your
Sporcle Settings
to finish the process.
Report this User
Report this user for behavior that violates our
Community Guidelines
.
Details:
Send Report
Go to the Sporcle.com Mobile Site →
Comments